| 000 | 00328pam a2200133 a 4500 | ||
|---|---|---|---|
| 020 | _c | ||
| 041 | _h | ||
| 082 |
_a658.848 _bSCH/ALE |
||
| 100 | _aSCHORR J.,ALEXANDER M., | ||
| 245 |
_aLOGISTICS IN MARKETING _hTextual Documents |
||
| 260 |
_aNEW YORK _bPITMAN PUBLISHING CORPORATION _c1969 |
||
| 300 | _aIX+403 | ||
| 930 | _a7572 | ||
| 999 |
_c127035 _d127035 |
||